000 00708nam a2200289Ia 4500
005 20260324140408.0
008 008 260324s9999 xx 000 0 eng d
020 _a9780429450105
037 _aEBOOK
040 _aCRL
040 _beng
040 _cCRL
041 _2eng
041 _aeng
084 _qCRL
100 _aAnne Borsay
_91169513
245 0 _aMedicine and Charity in Georgian Bath
245 2 _bA Social History of the General Infirmary, c.1739-1830
260 _bTaylor and Francis
260 _c1999
365 _a
365 _b255
856 _uhttp://www.taylorfrancis.com/books/9780429450105
942 _cEBOOK
999 _c1806275
_d1806275